Name a US State A-Z - Statistics

General Stats
  • This quiz has been taken 79 times
  • The average score is 18 of 19
Answer Stats
Letter State(s) % Correct
A Alabama/Alaska/Arizona
98%
C California/Colorado/Connecticut
98%
M Maine/Maryland/Massachusetts/Michigan/Minnesota/Mississippi/Missouri/Montana
98%
N Nebraska/Nevada/New Hampshire/New Jersey/New Mexico/New York/North Carolina/North Dakota
98%
D Delaware
97%
I Idaho/Illinois/Indiana/Iowa
97%
W Washington/West Virginia/Wisconsin/Wyoming
97%
F Florida
95%
G Georgia
95%
K Kansas/Kentucky
95%
O Ohio/Oklahoma/Oregon
95%
S South Carolina/South Dakota
95%
T Tennessee/Texas
95%
H Hawaii
94%
V Vermont/Virginia
94%
R Rhode Island
92%
L Louisiana
91%
U Utah
91%
P Pennsylvania
88%
No matching quizzes found
Score Distribution
Percent of People with Each Score
Percentile by Number Answered
Your Score History
You have not taken this quiz